Responses for show #5212 - Tuesday, April 17, 2007

Contestants

Carol Tilley, a library information science instructor from Terre Haute, Indiana

Michael Cholbi, a university professor from San Bernardino, California

Tricia McKinney, a TV news writer from Secaucus, New Jersey (whose 1-day cash winnings total $21,499)

Jeopardy! Round responses

THE PONY EXPRESS
FOLKS ON SPORTS
LET'S HAVE SOME SUSHI
EUROPEAN CAPITALS
YOU'RE MAKING ME "MAD"
LAST BUT NOT LEAST
    $200 11
(Michael: What is 20 miles an hour?)

10

MichaelCarol
    $200 1
Kobe Bryant

Michael
    $200 3
tuna

Carol
    $200 16
Madrid

Michael
    $200 21
the Mad Hatter

Michael
    $200 26
9

Tricia
    $400 12
Wild Bill Hickok

Carol
    $400 2
Michael Jordan

Carol
    $400 4
shrimp

Tricia
    $400 17
(Michael: What is Geneva?)
(Tricia: What is Zurich?)

Bern

TriciaMichaelCarol
    $400 22
a madrigal

Michael
    $400 27
(Carol: What is Volkswagen?)
(Alex: Be more specific.)
(Carol: [*].)

a VW Beetle

Carol
    $600 13
a bag (saddlebag, mailbag)

Michael
    $600 5
The Sopranos

Tricia
    $600 8
a swordfish

Tricia
    $600 18
(Michael: What is Rome?)

Lisbon

TriciaMichael
    $600 23
the madding crowd

Michael
    $600 28
(Alex: By the way, I'm sure you're aware that a new Playboy Club has opened in Las Vegas.)

Playboy Clubs

Tricia
    $800 14
Mark Twain

Tricia
    $800 6
Alex Rodriguez

Tricia
    $800 9
blowfish

Tricia
    $800 19
Helsinki

Triple Stumper
    $800 24
Madeira

Carol
    $2,000 29
(Tricia: Who is George Washington?)
(Alex: No. Who was [*], on Air Force One in Texas.)

Lyndon Johnson

Tricia
    $1000 15
(Michael: What is New York?)

Missouri

Michael
Triple Stumper
    $1000 7
Bode Miller

Michael
    $1000 10
squid

Tricia
    $1000 20
Copenhagen

Michael
    $1000 25
Mademoiselle

Carol
    $1000 30
(Alex: And that was [*]. It's a long way back.)

Apollo 17

Triple Stumper

Scores at the first commercial break (after clue 15):

Tricia Michael Carol
$5,000 $600 $1,200

Scores at the end of the Jeopardy! Round:

Tricia Michael Carol
$4,000 $2,000 $3,800

Double Jeopardy! Round responses

SCIENC"E"
MARQUEE LADIES
THANKS FOR THE MEMOIRS
13-LETTER WORDS
MESSIAH
OTHER WORKS BY HANDEL
    $400 8
ebb

Michael
    $400 13
Bridget Jones

Carol
    $400 6
Wozniak

Michael
    $400 1
choreographer

Michael
    $400 21
anointing

Carol
    $400 30
Cleopatra

Tricia
    $800 9
equinox

Tricia
    $800 14
Victor/Victoria

Tricia
    $800 7
Harvard

Triple Stumper
    $800 2
featherweight

Tricia
    $800 22
David

Tricia
    $800 29
shepherd

Triple Stumper
    $1200 10
equilibrium

Michael
    $1200 15
Eve

Carol
    $1200 18
Barack Obama

Michael
    $1200 3
vulcanization

Michael
    $1200 23
Iraq

Carol
    $1200 28
Juno

Michael
    $3,000 11
(Michael: What is electrovoltaic?)

electrolyte

Michael
    $1600 16
Susan

Michael
    $1600 19
James Baker

Michael
    $1600 4
chateaubriand

Michael
    $3,000 24
(Carol: What is the tribulation?)

Millennium

Carol
    $1600 26
the brave

Tricia
    $2000 12
epiglottis

Tricia
    $2000 17
Gigi

Tricia
    $2000 20
Claire Bloom

Tricia
    $2000 5
paterfamilias

Tricia
    $2000 25
Zoroaster

Michael
    $2000 27
Xerxes

Tricia

Scores at the end of the Double Jeopardy! Round:

Tricia Michael Carol
$19,200 $11,800 $4,000

[wagering suggestions for these scores]

Final Jeopardy! Round responses

LITERARY QUOTES
CarolWhat is wit
$3,997
MichaelWhat is a
$8,000
TriciaWhat is Oliver Twist
$7,399
the guillotine

Final scores:

Tricia Michael Carol
$11,801 $3,800 $3
2-day champion: $33,300 2nd place: $2,000 3rd place: $1,000

Game dynamics:

Coryat scores:

Tricia Michael Carol
$21,200 $14,800 $7,000
21 R,
2 W
(including 1 DD)
19 R,
5 W
(including 1 DD)
12 R,
1 W
(including 1 DD)

Combined Coryat: $43,000

The J! Archive is created by fans, for fans. The Jeopardy! game show and all elements thereof, including but not limited to copyright and trademark thereto, are the property of Jeopardy Productions, Inc. and are protected under law. This website is not affiliated with, sponsored by, or operated by Jeopardy Productions, Inc. Join the discussion at JBoard.tv.